Normal view
MARC view
Entry Personal Name
001 - CONTROL NUMBER
- control field: 40368
003 - CONTROL NUMBER IDENTIFIER
- control field: dpl
005 - DATE AND TIME OF LATEST TRANSACTION
- control field: 20120130122928.0
008 - FIXED-LENGTH DATA ELEMENTS
- fixed length control field: 120130|||a|||||| | ||| d
040 ## - CATALOGING SOURCE
- Original cataloging agency: dpl
- Transcribing agency: dpl
100 ## - HEADING--PERSONAL NAME
- Personal name: Gandep, A. K.
670 ## - SOURCE DATA FOUND
- Source citation: Work cat.: (dpl): Gandep, A. K. , Sainik School entrance test /, 2004
670 ## - SOURCE DATA FOUND
- Source citation: Work cat.: (dpl): Gandep, A. K. , Sainik School entrance test /, 2004
